<?xml version="1.0" encoding="UTF-8"?>
<record
    xmlns:xsi="http://www.w3.org/2001/XMLSchema-instance"
    xsi:schemaLocation="http://www.loc.gov/MARC21/slim http://www.loc.gov/standards/marcxml/schema/MARC21slim.xsd"
    xmlns="http://www.loc.gov/MARC21/slim">

  <leader>01306nam a2200229 a 4500</leader>
  <controlfield tag="008">161215t2003    mx  |||g |||| 001 1 spa d</controlfield>
  <datafield tag="020" ind1=" " ind2=" ">
    <subfield code="a">987000251X</subfield>
  </datafield>
  <datafield tag="092" ind1=" " ind2=" ">
    <subfield code="c">808.8</subfield>
    <subfield code="l">49</subfield>
    <subfield code="s">LOQ</subfield>
  </datafield>
  <datafield tag="245" ind1=" " ind2="7">
    <subfield code="a">Lo que murmura el viento.</subfield>
    <subfield code="b">Un regalo para el coraz&#xF3;n /</subfield>
    <subfield code="c">Anthony de Mello</subfield>
  </datafield>
  <datafield tag="250" ind1=" " ind2=" ">
    <subfield code="a">1a ed.</subfield>
  </datafield>
  <datafield tag="260" ind1=" " ind2=" ">
    <subfield code="a">Buenos Aires ; Mexico:</subfield>
    <subfield code="b">Lumen;</subfield>
    <subfield code="c">2003.</subfield>
  </datafield>
  <datafield tag="300" ind1=" " ind2=" ">
    <subfield code="a">173 p.</subfield>
  </datafield>
  <datafield tag="500" ind1=" " ind2=" ">
    <subfield code="a">De Mello, A. et al. (2003). Lo que murmura el viento. Un regalo para el coraz&#xF3;n. (1a ed.). Buenos Aires : Lumen.</subfield>
  </datafield>
  <datafield tag="505" ind1=" " ind2=" ">
    <subfield code="a">Este libro es un regalo para el coraz&#xF3;n, para tu coraz&#xF3;n cansado, endurecido por el traj&#xED;n cotidiano. Descubrir&#xE1;s que tu coraz&#xF3;n a&#xFA;n es capaz de sorprenderse. Que la vida del esp&#xED;ritu es una gran fuente de agua fresca que est&#xE1; constantemente fluyendo en ti. Cuatro grandes autores de espiritualidad contempor&#xE1;nea opinan sobre c&#xF3;mo hallar la serenidad interior, c&#xF3;mo combatir el estr&#xE9;s, c&#xF3;mo revitalizar nuestra relaci&#xF3;n con Dios..., en fin, te ofrecen un gozoso regalo. S&#xF3;lo tienes que recibirlo a manos llenas. </subfield>
  </datafield>
  <datafield tag="590" ind1=" " ind2=" ">
    <subfield code="a">Proyecto 4to libro. Donaci&#xF3;n Constanzo Juan Carlos</subfield>
  </datafield>
  <datafield tag="655" ind1=" " ind2=" ">
    <subfield code="a">Relatos</subfield>
    <subfield code="9">3105</subfield>
  </datafield>
  <datafield tag="700" ind1="1" ind2=" ">
    <subfield code="a">De Mello, Anthony</subfield>
    <subfield code="9">3219</subfield>
  </datafield>
  <datafield tag="700" ind1="1" ind2=" ">
    <subfield code="a">Larra&#xF1;aga, Ignacio</subfield>
    <subfield code="9">3220</subfield>
  </datafield>
  <datafield tag="700" ind1="1" ind2=" ">
    <subfield code="a">Merton, Thomas</subfield>
    <subfield code="9">3221</subfield>
  </datafield>
  <datafield tag="700" ind1="1" ind2=" ">
    <subfield code="a">Nouwen, Henri</subfield>
    <subfield code="9">3222</subfield>
  </datafield>
  <datafield tag="942" ind1=" " ind2=" ">
    <subfield code="2">ddc</subfield>
    <subfield code="c">LIT</subfield>
  </datafield>
  <datafield tag="999" ind1=" " ind2=" ">
    <subfield code="c">2399</subfield>
    <subfield code="d">2399</subfield>
  </datafield>
  <datafield tag="952" ind1=" " ind2=" ">
    <subfield code="0">0</subfield>
    <subfield code="1">0</subfield>
    <subfield code="2">ddc</subfield>
    <subfield code="4">0</subfield>
    <subfield code="7">0</subfield>
    <subfield code="8">FIC</subfield>
    <subfield code="a">BFM</subfield>
    <subfield code="b">BFM</subfield>
    <subfield code="c">CR</subfield>
    <subfield code="d">2017-03-07</subfield>
    <subfield code="e">Donacion Constanzo, Juan Carlos. Marzo 2017</subfield>
    <subfield code="l">0</subfield>
    <subfield code="o">808.8 49 LOQ</subfield>
    <subfield code="p">3845</subfield>
    <subfield code="r">2017-03-07</subfield>
    <subfield code="t">Ej.1</subfield>
    <subfield code="w">2017-03-07</subfield>
    <subfield code="y">LIT</subfield>
    <subfield code="z">Proyecto 4to libro. Donaci&#xF3;n Constanzo Juan C.</subfield>
  </datafield>
</record>
